Polscy Medaliści Letnich Igrzysk Olimpijskich - Statystyki

Ogólne statystyki
  • Ten quiz został rozwiązany 49 razy
  • Średni wynik to 76 z 300
Statystyki odpowiedzi
Igrzyska Zawodnik Dyscyplina % Poprawnych
Londyn 2012 Anita Włodarczyk LekkoatletykaRzut młotem
88%
Rio 2016 Anita Włodarczyk LekkoatletykaRzut Młotem
88%
Tokio 2020 Anita Włodarczyk LekkoatletykaRzut młotem
88%
Paryż 2024 Iga Świątek TenisGra pojedyncza
81%
Tokio 2020 Paweł Fajdek Lekkoatletyka Rzut młotem
81%
Tokio 2020 Karol Zalewski, Natalia Kaczmarek, Justyna Święty-Ersetic, Kajetan Duszyński, Iga Baumgart-Witan, Małgorzata Hołub-Kowalik, Dariusz Kowaluk LekkoatletykaSztafeta mieszana 4x400m
79%
Paryż 2024 Natalia Kaczmarek LekkoatletykaBieg na 400m
79%
Tokio 2020 Natalia Kaczmarek, Iga Baumgart-Witan, Małgorzata Hołub-Kowalik, Justyna Święty-Ersetic, Anna Kiełbasińska LekkoatletykaSztafeta 4x400
79%
Atlanta 1996 Robert Korzeniowski LekkoatletykaChód na 50km
79%
Sydney 2000 Robert Korzeniowski LekkoatletykaChód na 20km
79%
Sydney 2000 Robert Korzeniowski Lekkoatletyka Chód na 50km
79%
Ateny 2004 Robert Korzeniowski LekkoatletykaChód na 50km
79%
Paryż 2024 Aleksandra Mirosław Wspinaczka sportowa
76%
Montreal 1976 Tadeusz Mytnik, Mieczysław Nowicki, Stanisław Szozda, Ryszard Szurkowski KolarstwoWyścig drużynowy na 100km
76%
Ateny 2004 Otylia Jędrzejczak Pływanie200m stylem motylkowym
74%
Ateny 2004 Otylia Jędrzejczak Pływanie400m stylem dowolnym
74%
Ateny 2004 Otylia Jędrzejczak Pływanie100m stylem motylkowym
74%
Montreal 1976 Mieczysław Nowicki KolarstwoWyścig indywidualny
71%
Pekin 2008 Tomasz Majewski LekkoatletykaPchnięcie kulą
71%
Londyn 2012 Tomasz Majewski LekkoatletykaPchnięcie kulą
71%
Rio 2016 Wojciech Nowicki LekkoatletykaRzut młotem
71%
Tokio 2020 Wojciech Nowicki Lekkoatletyka Rzut młotem
71%
Meksyk 1968 Irena Szewińska LekkoatletykaBieg na 200m
69%
Meksyk 1968 Irena Szewińska LekkoatletykaBieg na 100m
69%
Monachium 1972 Irena Szewińska LekkoatletykaBieg na 200m
69%
Montreal 1976 Irena Szewińska LekkoatletykaBieg na 400m
69%
Rio 2016 Rafał Majka KolarstwoWyścig ze startu wspólnego
69%
Tokio 1964 Irena Kirszenstein LekkoatletykaBieg na 200m
67%
Paryż 2024 Julia Szeremeta BoksKategoria 54-57kg
67%
Monachium 1972 Marek Dąbrowski, Arkadiusz Godel, Jerzy Kaczmarek, Lech Koziejowski, Witold Woyda SzermierkaFloret drużynowo
67%
Tokio 1964 Teresa Ciepły, Irena Kirszenstein, HalinaGórecka, Ewa Kłobukowska LekkoatletykaSztafeta 4x100m
67%
Tokio 2020 Dawid Tomala LekkoatletykaChód na 50km
64%
Atlanta 1996 Renata Mauer StrzelectwoKarabinek pneumatyczny
64%
Atlanta 1996 Renata Mauer StrzelectwoKarabinek standardowy
64%
Sydney 2000 Renata Mauer StrzelectwoKarabinek małokalibrowy z trzech postaw
64%
Monachium 1972 Zbigniew Kaczmarek Podnoszenie ciężarówWaga lekka
60%
Tokio 1964 Irena Kirszenstein LekkoatletykaSkok w dal
57%
Pekin 2008 Maja Włoszczowska Kolarstwo górskie
57%
Rio 2016 Maja Włoszczowska Kolarstwo górskie
57%
Melbourne 1956 Marian Zieliński Podnoszenie ciężarówWaga piórkowa
57%
Tokio 1964 Marian Zieliński PodnoszenieWaga lekka
57%
Meksyk 1968 Marian Zieliński Podnoszenie ciężarów Waga lekka
57%
Atlanta 1996 Paweł Nastula JudoWaga półciężka
57%
Londyn 2012 Adrian Zieliński Podnoszenie ciężarówWaga lekkociężka
55%
Tokio 2020 Maria Andrejczyk LekkoatletykaRzut oszczepem
55%
Tokio 1964 Marian Dudziak, Marian Foik, Wiesław Maniak, Andrzej Zieliński LekkoatletykaSztafeta 4x100
55%
Pekin 2008 Piotr Małachowski LekkoatletykaRzut dyskiem
55%
Rio 2016 Piotr Małachowski LekkoatletykaRzut dyskiem
55%
Rzym 1960 Stefan Kapłaniak, Władysław Zieliński KajakarstwoK-2 1000m
55%
Sydney 2000 Szymon Kołecki Podnoszenie ciężarówWaga lekkociężka
55%
Pekin 2008 Szymon Kołecki Podnoszenie ciężarówWaga półciężka
55%
Londyn 2012 Tomasz Zieliński Podnoszenie ciężarówWaga półciężka
55%
Sydney 2000 Kamila Skolimowska LekkoatletykaRzut młotem
52%
Sydney 2000 Leszek Blanik GimnastykaSkok
52%
Pekin 2008 Leszek Blanik GimnastykaSkok
52%
Tokio 1964 Jerzy Kulej BoksWaga lekkopółśrednia
50%
Meksyk 1968 Jerzy Kulej BoksWaga lekkopółśrednia
50%
Montreal 1976 Jerzy Kulej BoksWaga lekkośrednia
50%
Sydney 2000 Szymon Ziółkowski LekkoatletykaRzut młotem
50%
Moskwa 1980 Władysław Kozakiewicz LekkoatletykaSkok o tyczce
50%
Tokio 2020 Malwina Kopron Lekkoatletyka Rzut młotem
48%
Tokio 1964 Mieczysław Nowak Podnoszenie ciężarówWaga piórkowa
48%
Monachium 1972 Edward Barcik, Lucjan Lis, Stanisław Szozda, Ryszard Szurkowski Kolarstwo Wyścig drużynowy na 100km
45%
Moskwa 1980 Jan Kowalczyk JeździectwoKonkurs skoków
45%
Moskwa 1980 Janusz Bobik, Wiesław Hartman, Jan Kowalczyk, Marian Kozicki JeździectwoDruż. konkurs skoków przez przeszkody
45%
Paryż 2024 Klaudia Zwolińska Kajakarstwo górskieSlalom K1
45%
Sydney 2000 Agata Wróbel Podnoszenie ciężarówWaga superciężka
43%
Ateny 2004 Agata Wróbel Podnoszenie ciężarówWaga superciężka
43%
Paryż 2024 Aleksandra Kałucka Wspinaczka sportowa
43%
Ateny 2004 Anna Rogowska LekkoatletykaSkok o tyczce
43%
Londyn 2012 Beata Mikołajczyk, Karolina Naja KajakarstwoK-2 500m
43%
Rio 2016 Beata Mikołajczyk, Karolina Naja KajakarstwoK-2 500m
43%
Tokio 2020 Karolina Naja, Anna Puławska, Justyna Iskrzycka, Helena Wiśniewska Kajakarstwo K-4 500m
43%
Atlanta 1996 Mateusz Kusznierewicz ŻeglarstwoKlasa Finn
43%
Ateny 2004 Mateusz Kusznierewicz ŻeglarstwoKlasa Finn
43%
Seul 1988 Andrzej Gołota BoksWaga ciężka
40%
Tokio 2020 Anna Puławska, Karolina Naja KajakarstwoK-2 500m
40%
Pekin 2008 Michał Jeliński, Marek Kolbowicz, Adam Korol, Konrad Wasielewski WioślarstwoCzwórka podwójna
40%
Rio 2016 Monika Michalik Zapasy (styl wolny)Kategoria 63kg
40%
Tokio 2020 Patryk Dobek LekkoatletykaBieg na 800m
40%
Ateny 2004 Sylwia Gruchała SzermierkaFloret
40%
Sydney 2000 Sylwia Gruchała, Magdalena Mroczkiewicz, Anna Rybicka, Barbara Wolnicka SzermierkaFloret drużynowo
40%
Tokio 2020 Tadeusz Michalik Zapasy (styl klasyczny)Waga do 97kg
40%
Londyn 2012 Zofia Klepacka ŻeglarstwoRS:X
40%
Londyn 2012 Damian Janikowski Zapasy (styl klasyczny)Kategoria 84kg
38%
Moskwa 1980 Grzegorz Nowak, Grzegorz Stellak, Ryszard Stadniuk, Adam Tomasiak, Ryszard Kubiak WioślarstwoCzwórka ze sternikiem
38%
Montreal 1976 Jacek Wszoła LekkoatletykaSkok wzwyż
38%
Moskwa 1980 Jacek Wszoła LekkoatletykaSkok wzwyż
38%
Barcelona 1992 Artur Partyka LekkoatletykaSkok wzwyż
33%
Atlanta 1996 Artur Partyka LekkoatletykaSkok wzwyż
33%
Amsterdam 1928 Halina Konopacka LekkoatletykaRzut dyskiem
33%
Ateny 2004 Robert Sycz, Tomasz Kucharski WioślarstwoDwójka podwójna wagi lekkiej
33%
Sydney 2000 Tomasz Kucharski, Robert Sycz WioślarstwoDwójka podwójna wagi lekkiej
33%
Montreal 1976 Bronisław Malinowski LekkoatletykaBieg na 3000m z przeszkodami
31%
Moskwa 1980 Bronisław Malinowski LekkoatletykaBieg na 3000m z przeszkodami
31%
Paryż 2024 Daria Pikulik Kolarstwo Torowe
31%
Los Angeles 1932 Janusz Kusociński Lekkoatletyka10 000m
31%
Paryż 2024 Renata Knapik-Miazga, Alicja Klasik,
Martyna Swatowska-Wenglarczyk,
Aleksandra Jarecka
SzermierkaSzpada drużynowo
31%
Londyn 2012 Sylwia Bogacka StrzelectwoKarabin pneumatyczny 10m
29%
Moskwa 1980 Ludomir Chronowski, Piotr Jabłkowski, Andrzej Lis, Mariusz Strzałka, Leszek Swornowski SzermierkaSzpada drużynowo
26%
Rio 2016 Magdalena Fularczyk-Kozłowska, Natalia Madaj WioślarstwoDwójka podwójna
26%
Tokio 1964 Waldemar Baszanowski Podnoszenie ciężarówWaga Lekka
26%
Meksyk 1968 Waldemar Baszanowski Podnoszenie ciężarówWaga lekka
26%
Seul 1988 Waldemar Legień JudoWaga lekkośrednia
26%
Barcelona 1992 Waldemar Legień JudoWaga średnia
26%
Seul 1988 Andrzej Wroński Zapasy (styl klasyczny)Waga ciężka
24%
Atlanta 1996 Andrzej Wrońśki Zapasy (styl klasyczny)Waga ciężka
24%
Londyn 2012 Bartłomiej Bonk Podnoszenie ciężarówWaga ciężka
24%
Moskwa 1980 Czesław Lang KolarstwoWyścig indywidualny
24%
Londyn 2012 Magdalena Fularczyk, Julia Michalska WioślarstwoDwójka podwójna
24%
Rio 2016 Marta Walczykiewicz KajakarstwoK-1 200m
24%
Monachium 1972 Władysław Komar LekkoatletykaPchnięcie kulą
24%
Tokio 2020 Agnieszka Kobus-Zawojska, Marta Wieliczko, Maria Sajdak, Katarzyna Zillmann WioślarstwoCzwórka podwójna
21%
Moskwa 1980 Andrzej Supron Zapasy (styl klasyczny)Waga lekka
21%
Montreal 1976 Janusz Pyciak-Peciak Pięciobój Nowoczesny
21%
Pekin 2008 Marcin Dołęga Podnoszenie ciężarówWaga ciężka
21%
Rzym 1960 Marian Kasprzyk BoksWaga lekkopółśrednia
21%
Tokio 1964 Marian Kasprzyk BoksWaga półśrednia
21%
Monachium 1972 Witold Woyda SzermierkaFloret
21%
Meksyk 1968 Egon Franke, Adam Lisewski, Ryszard Parulski, Zbigniew Skrudlik, Witold Woyda SzermierkaFloret drużynowo
19%
Tokio 1964 Egon Franke, Ryszard Parulski, Janusz Różycki, Zbigniew Skrudlik, Witold Woyda SzermierkaFloret drużynowo
19%
Tokio 1964 Ewa Kłobukowska LekkoatletykaBieg na 100m
19%
Monachium 1972 Janusz Gortat BoksWaga półciężka
19%
Montreal 1976 Janusz Gortat BoksWaga półciężka
19%
Seul 1988 Joachim Halupczok, Zenon Jaskuła, Marek Leśniewski, Andrzej Spytkowski Kolarstwo Wyścig drużynowy na 100km
19%
Tokio 1964 Józef Grudzień BoksWaga lekka
19%
Meksyk 1968 Józef Grudzień BoksWaga lekka
19%
Rzym 1960 Józef Schmidt LekkoatletykaTrójskok
19%
Tokio 1964 Józef Schmidt LekkoatletykaTrójskok
19%
Los Angeles 1932 Stanisława Walasiewicz LekkoatletykaBieg na 100m
19%
Berlin 1936 Stanisława Walasiewicz LekkoatletykaBieg na 100m
19%
Atlanta 1996 Włodzimierz Zawadzki Zapasy (styl klasyczny)Waga piórkowa
19%
Pekin 2008 Aneta Konieczna, Beata Mikołajczyk KajakarstwoK-2 500m
17%
Melbourne 1956 Jerzy Pawłowski SzermierkaSzabla
17%
Meksyk 1968 Jerzy Pawłowski SzermierkaSzabla
17%
Paryż 2024 Mateusz Biskup, Dominik Czaja, Fabian Barański, Mirosław Ziętarski WioślarstwoCzwórka podwójna
17%
Rio 2016 Oktawia Nowacka Pięciobój nowoczesny
17%
Montreal 1976 Tadeusz Ślusarski LekkoatletykaSkok o tyczce
17%
Moskwa 1980 Tadeusz Ślusarski LekkoatletykaSkok o tyczce
17%
Tokio 1964 Teresa Ciepły Lekkoatletyka80m przez płotki
17%
Tokio 1964 Egon Franke SzermierkaFloret
14%
Tokio 1964 Emil Ochyra, Jerzy Pawłowski, Andrzej Piątkowski, Wojciech Zabłocki, Ryszard Zub SzermierkaSzabla drużynowo
14%
Atlanta 1996 Iwona Dzięcioł, Katarzyna Klata, Joanna Nowicka ŁucznictwoWielobój drużynowy
14%
Los Angeles 1932 Jadwiga Wajs LekkoatletykaRzut dyskiem
14%
Berlin 1936 Jadwiga Wajs LekkoatletykaRzut dyskiem
14%
Melbourne 1956 Janusz Sidło LekkoatletykaRzut oszczepem
14%
Rzym 1960 Marian Kuszewski, Emil Ochyra, Jerzy Pawłowski, Andrzej Piątkowski, Wojciech Zabłocki, Ryszard Zub SzermierkaSzabla drużynowo
14%
Melbourne 1956 Marian Kuszewski, Zygmunt Pawlas, Jerzy Pawłowski, Andrzej Piątkowski, Wojciech Zabłocki, Ryszard Zub SzermierkaSzabla drużynowo
14%
Moskwa 1980 Paweł Skrzecz BoksWaga półciężka
14%
Atlanta 1996 Ryszard Wolny Zapasy (styl klasyczny)Waga lekka
14%
Rzym 1960 Teresa Ciepły, Halina Górecka, Barbara Janiszewska, Celina Jesionowska LekkoatletykaSztafeta 4x100m
14%
Melbourne 1956 Zbigniew Pietrzykowski Bokswaga lekkośrednia
14%
Rzym 1960 Zbigniew Pietrzykowski BoksWaga półciężka
14%
Tokio 1964 Zbigniew Pietrzykowski BoksWaga półciężka
14%
Pekin 2008 Agnieszka Wieszczek Zapasy (styl wolny)Kategoria 72kg
12%
Seul 1988 Artur Wojdat Pływanie400m stylem dowolnym
12%
Melbourne 1956 Elżbieta Krzesińska LekkoatletykaSkok w dal
12%
Rzym 1960 Elżbieta Krzesińska LekkoatletykaSkok w dal
12%
Rzym 1960 Ireneusz Paliński Podnoszenie ciężarówWaga półciężka
12%
Tokio 1964 Ireneusz Paliński Podnoszenie ciężarówWaga lekkociężka
12%
Moskwa 1980 Janusz Pawłowski JudoWaga piórkowa
12%
Seul 1988 Janusz Pawłowski JudoWaga piórkowa
12%
Los Angeles 1932 Jerzy Braun, Edward Kobyliński, Janusz Ślązak, Stanisław Urban, Jerzy Skolimowski WioślarstwoCzwórka ze sternikiem
12%
Los Angeles 1932 Jerzy Braun, Janusz Ślązak, JerzySkolimowski WioślarstwoDwójka ze sternikiem
12%
Moskwa 1980 Krzysztof Kosedowski BoksWaga piórkowa
12%
Montreal 1976 Leszek Kosedowski BoksWaga piórkowa
12%
Barcelona 1992 Maciej Czyżowicz, Dariusz Goździak, Arkadiusz Skrzypaszek Pięciobój nowoczesnyDrużynowo
12%
Pekin 2008 Miłosz Bernatajtys, Bartłomiej Pawełczak, Łukasz Pawłowski, Paweł Rańda WioślarstwoCzwórka bez sternika wagi lekkiej
12%
Rio 2016 Monika Ciaciuch, Agnieszka Kobus, Joanna Leszczyńska, Maria Springwald WioślarstwoCzwórka podwójna
12%
Barcelona 1992 Rafał Szukała Pływanie100m stylem motylkowym
12%
Rzym 1960 Tadeusz Rut LekkoatletykaRzut młotem
12%
Montreal 1976 Zbigniew Jaremski, Jerzy Pietrzyk, Ryszard Podlas, Jan Werner LekkoatletykaSztafeta 4x400m
12%
Paryż 1924 Adam Królikiewicz JeździectwoKonkurs skoków
10%
Tokio 2020 Agnieszka Skrzypulec, Jolanta Ogar-Hill ŻeglarstwoKlasa 470
10%
Sydney 2000 Aneta Pastuszka, Beata Sokołowska-Kulesza KajakarstwoK-2 500m
10%
Ateny 2004 Aneta Pastuszka, Beata Sokołowska-Kulesza KajakarstwoK-2 500m
10%
Atlanta 1996 Aneta Szczepańska JudoWaga średnia
10%
Barcelona 1992 Arkadiusz Skrzypaszek Pięciobój nowoczesny
10%
Tokio 1964 Artur Olech BoksWaga muszna
10%
Meksyk 1968 Artur Olech BoksWaga musza
10%
Rzym 1960 Brunon Bendig BoksWaga kogucia
10%
Melbourne 1956 Henryk Niedźwiedzki BoksWaga piórkowa
10%
Meksyk 1968 Henryk Trębicki Podnoszenie ciężarów Waga kogucia
10%
Meksyk 1968 Hubert Skrzypczak BoksWaga papierowa
10%
Rzym 1960 Jan Bochenek Podnoszenie ciężarówWaga półciężka
10%
Monachium 1972 Jan Szczepański BoksWaga lekka
10%
Seul 1988 Janusz Olech SzermierkaSzabla
10%
Rzym 1960 Jarosława Jóźwiakowska LekkoatletykaSkok wzwyż
10%
Rzym 1960 Jerzy Adamski BoksWaga piórkowa
10%
Moskwa 1980 Jerzy Rybicki BoksWaga średnia
10%
Meksyk 1968 Józef Zapędzki StrzelectwoPistolet szybkostrzelny
10%
Monachium 1972 Józef Zapędzki StrzelectwoPistolet szybkostrzelny
10%
Rzym 1960 Kazimierz Paździor BoksWaga lekka
10%
Rzym 1960 Kazimierz Zimny LekkoatletykaBieg na 5000m
10%
Rzym 1960 Leszek Drogosz BoksWaga półśrednia
10%
Moskwa 1980 Leszek Dunecki, Zenon Licznerski, Marian Woronin, Krzysztof Zwoliński LekkoatletykaSztafeta 4x100m
10%
Meksyk 1968 Marek Gołąb Podnoszenie ciężarówWaga lekkociężka
10%
Montreal 1976 Marian Tałaj JudoWaga lekka
10%
Meksyk 1968 Norbert Ozimek Podnoszenie ciężarów Waga półciężka
10%
Monachium 1972 Norbert Ozimek Podnoszenie ciężarówWaga półciężka
10%
Sydney 2000 Paweł Baraszkiewicz, Daniel Jędraszko KajakarstwoC-2 500m
10%
Barcelona 1992 Piotr Kiełpikowski, Adam Krzesiński, Cezary Siess, Ryszard Sobczak, Marian Sypniewski SzermierkaFloret drużynowo
10%
Meksyk 1968 Stanisław Dragan BoksWaga półciężka
10%
Rzym 1960 Tadeusz Walasek BoksWaga średnia
10%
Tokio 1964 Tadeusz Walasek BoksWaga średnia
10%
Helsinki 1952 Teodor Kocerka WioślarstwoJedynki
10%
Rzym 1960 Teodor Kocerka WioślarstwoJedynki
10%
Pekin 2008 Tomasz Motyka, Adam Wiercioch, Radosław Zawrotniak, Robert Andrzejuk SzermierkaSzpada Drużynowo
10%
Barcelona 1992 Wojciech Jankowski, Maciej Łasicki, Jacek Streich, Tomasz Tomiak, Michał Cieślak WioślarstwoCzwórka ze sternikiem
10%
Helsinki 1952 Zygmunt Chychła BoksWaga półśrednia
10%
Monachium 1972 Zygmunt Smalcerz Podnoszenie ciężarów Waga musza
10%
Melbourne 1956 Adam Smelczyński StrzelectwoTrap
7%
Londyn 1948 Aleksy Antkiewicz BoksWaga piórkowa
7%
Helsinki 1952 Aleksy Antkiewicz BoksWaga lekka
7%
Tokio 1964 Andrzej Badeński LekkoatletykaBieg na 400m
7%
Montreal 1976 Andrzej Skrzydlewski Zapasy (styl klasyczny)Waga ciężka
7%
Melbourne 1956 Barbara Ślizowska, Lidia Szczerbińska, Dorota Horzonek, Natalia Kot, Helena Rakoczy GimnastykaĆwiczenia z przyborem druż.
7%
Monachium 1972 Czesław Kwieciński Zapasy (styl klasyczny)Waga ciężka
7%
Montreal 1976 Czesław Kwieciński Zapasy (styl klasyczny)Waga półciężka
7%
Rzym 1960 Daniela Walkowiak KajakarstwoK-1 500m
7%
Montreal 1976 Grzegorz Cziura Podnoszenie ciężarówWaga kogucia
7%
Los Angeles 1932 Henryk Budziński, Jan Krenz-Mikołajczak WioślarstwoDwójka bez sternika
7%
Berlin 1936 Henryk Leliwa-Roycewicz, Seweryn Kulesza, Zdzisław Kawecki JeździectwoWKKW Drużynowo
7%
Meksyk 1968 Janusz Kierzkowski Kolarstwo torowe1000m ze startu zatrzymanego
7%
Tokio 1964 Józef Grzesiak BoksWaga lekkośrednia
7%
Moskwa 1980 Józef Lipień Zapasy (styl klasyczny)Waga kogucia
7%
Seul 1988 Józef Tracz Zapasy (styl klasyczny)Waga piórkowa
7%
Barcelona 1992 Józef Tracz Zapasy (styl klasyczny)Waga półśrednia
7%
Atlanta 1996 Józef Tracz Zapasy (styl klasyczny)Waga półśrednia
7%
Montreal 1976 Kazimierz Czarnecki Podnoszenie ciężarówWaga lekka
7%
Monachium 1972 Kazimierz Lipień Zapasy (styl klasyczny)Waga piórkowa
7%
Montreal 1976 Kazimierz Lipień Zapasy (styl klasyczny)Waga kogucia
7%
Montreal 1976 Kazimierz Szczerba BoksWaga lekkopółśrednia
7%
Moskwa 1980 Kazimierz Szczerba BoksWaga półśrednia
7%
Moskwa 1980 Lech Koziejowski, Adam Robak, Marian Sypniewski, Bogusław Zych SzermierkaFloret drużynowo
7%
Amsterdam 1928 Leon Birkholc, Franciszek Bronikowski, Edmund Jankowski, Bernard Ormanowski, Bolesław Drewek WioślarstwoCzwórka ze sternikiem
7%
Monachium 1972 Leszek Błażyński BoksWaga musza
7%
Montreal 1976 Leszek Błażyński BoksWaga musza
7%
Seul 1988 Marek Dopierała, Marek Łbik KajakarstwoC-2 500m
7%
Seul 1988 Marek Dopierała, Marek Łbik KajakarstwoC-2 1000m
7%
Berlin 1936 Maria Kwaśniewska LekkoatletykaRzut Oszczepem
7%
Atlanta 1996 Piotr Kiełpikowski, Adam Krzesiński, Jarosław Rodzewicz, Ryszard Sobczak SzermierkaFloret drużynowo
7%
Londyn 2012 Przemysław Miarczyński Żeglarstwo RS:X
7%
Monachium 1972 Ryszard Katus LekkoatletykaDziesięciobój
7%
Amsterdam 1928 Tadeusz Friedrich, Kazimierz Laskowski,Aleksander Małecki, Adam Papee, Władysław Segda, Jerzy Zabielski SzermierkaSzabla drużynowo
7%
Montreal 1976 Tadeusz Rutkowski Podnoszenie ciężarówWaga ciężka
7%
Moskwa 1980 Tadeusz Rutkowski Podnoszenie ciężarówWaga superciężka
7%
Rzym 1960 Tadeusz Trojanowski Zapasy (styl wolny)Waga kogucia
7%
Monachium 1972 Wiesław Rudkowski BoksWaga lekkośrednia
7%
Barcelona 1992 Wojciech Bartnik BoksWaga półciężka
7%
Moskwa 1980 Adam Sandurski Zapasy (styl wolny)Waga superciężka
5%
Moskwa 1980 Agnieszka Czopek Pływanie400m stylem zmiennym
5%
Moskwa 1980 Aleksander Cichoń Zapasy (styl wolny)Waga półciężka
5%
Monachium 1972 Andrzej Bek, Benedykt Kocot Kolarstwo toroweTandemy
5%
Atlanta 1996 Andrzej Cofalik Podnoszenie ciężarówWaga półciężka
5%
Seul 1988 Andrzej Głąb Zapasy (styl klasyczny)Waga papierowa
5%
Montreal 1976 Andrzej Gronowicz, Jerzy Opara KajakarstwoC-2 500m
5%
Monachium 1972 Antoni Zajkowski JudoWaga lekka
5%
Moskwa 1980 Barbara Wysoczańska SzermierkaFloret
5%
Meksyk 1968 Bohdan Andrzejewski, Kazimierz Barburski, Michał Butkiewicz, Bohdan Gonsior, Henryk Nielaba SzermierkaSzpada drużynowo
5%
Barcelona 1992 Dariusz Białkowski, Grzegorz Kotowicz KajakarstwoK-2 1000m
5%
Sydney 2000 Dariusz Białkowski, Grzegorz Kotowicz, Adam Seroczyński, Marek Witkowski KajakarstwoK-4 1000m
5%
Seul 1988 Henryk Petrich BoksWaga półciężka
5%
Monachium 1972 Irena Szydłowska ŁucznictwoWielobój
5%
Seul 1988 Izabela Dylewska KajakarstwoK-1 500m
5%
Barcelona 1992 Izabela Dylewska KajakarstwoK-1 500m
5%
Atlanta 1996 Jacek Fafiński Zapasy (styl klasyczny)Waga półciężka
5%
Moskwa 1980 Jan Dołgowicz Zapasy (styl klasyczny)Waga średnia
5%
Seul 1988 Jan Dydak BoksWaga półśrednia
5%
Seul 1988 Janusz Zarenkiewicz BoksWaga superciężka
5%
Montreal 1976 Jerzy Greszkiewicz StrzelectwoRuchoma tarcza
5%
Helsinki 1952 Jerzy Jokiel GimnastykaĆwiczenia wolne
5%
Berlin 1936 Jerzy Ustupski, Roger Verey WioślarstwoDwójka podwójna
5%
Paryż 1924 Józef Lange, Jan Łazarski, Tomasz Stankiewicz, Franciszek Szymczyk Kolarstwo toroweWyścig drużynowy na 4km
5%
Barcelona 1992 Kajetan Broniewski WioślarstwoJedynki
5%
Moskwa 1980 Kazimierz Adach BoksWaga lekka
5%
Sydney 2000 Krzysztof Kołomański, Michał Staniszewski Kajakarstwo górskieC-2 slalom
5%
Barcelona 1992 Krzysztof Siemion Podnoszenie ciężarówWaga półciężka
5%
Moskwa 1980 Lucyna Langier LekkoatletykaBieg na 100m przez płotki
5%
Barcelona 1992 Maciej Freimut, Wojciech Kurpiewski Kajakarstwo K-2 500m
5%
Barcelona 1992 Małgorzata Książkiewicz StrzelectwoKarabinek małokalibrowy z trzech postaw
5%
Moskwa 1980 Marek Seweryn Podnoszenie ciężarówWaga piórkowa
5%
Amsterdam 1928 Michał Woysym-Antoniewicz,Karol Rómmel, Józef Trenkwald JeździectwoWKKW, drużynowo
5%
Amsterdam 1928 Michał Woysym-Antoniewicz, Kazimierz Gzowski, Kazimierz Szosland JeździectwoKonkurs skoków drużynowo
5%
Moskwa 1980 Mieczysława Dłużewska, Czesława Kościańska WioślarstwoDwójka bez sternika
5%
Atlanta 1996 Mirosław Rzepkowski StrzelectwoSkeet
5%
Atlanta 1996 Piotr Markiewicz KajakarstwoK-1 500m
5%
Barcelona 1992 Piotr Stępień Zapasy (styl klasyczny)Waga średnia
5%
Monachium 1972 Rafał Piszcz, Władysław Szuszkiewicz KajakarstwoK-2 1000m
5%
Moskwa 1980 Roman Bierła Zapasy (styl klasyczny)Waga ciężka
5%
Barcelona 1992 Sergiusz Wołczaniecki Podnoszenie ciężarówWaga lekkociężka
5%
Seul 1988 Sławomir Zawada Podnoszenie ciężarówWaga ciężka
5%
Moskwa 1980 Tadeusz Dembończyk Podnoszenie ciężarówWaga kogucia
5%
Moskwa 1980 Urszula Kielan LekkoatletykaSkok wzwyż
5%
Barcelona 1992 Waldemar Malak Podnoszenie ciężarówWaga ciężka
5%
Montreal 1976 Wiesław Gawlikowski StrzelectwoSkeet
5%
Los Angeles 1932 Władysław Dobrowolski, Tadeusz Friedrich,Leszek Lubicz-Nycz, Adam Papee, Władysław Segda, Marian Suski SzermierkaSzabla drużynowo
5%
Berlin 1936 Władysław Karaś StrzelectwoKarabinek małokalibrowy leżąc 50m
5%
Moskwa 1980 Władysław Stecyk Zapasy (styl wolny)Waga musza
5%
Rzym 1960 Zdzisław Kryszkowiak LekkoatletykaBieg na 3000m z przeszkodami
2%
Nie znaleziono quizów pasujących do podanych kryteriów
Rozkład punktacji
Procent ludzi z każdym wynikiem
Percentyl według liczby udzielonych odpowiedzi
Twoja historia wyników
Nie rozwiązałeś tego quizu